| 000 | 00330nam a2200121Ia 4500 | ||
|---|---|---|---|
| 008 | 191014s9999 xx 000 0 und d | ||
| 082 |
_a530.12 _bBRA |
||
| 100 |
_aB.H. Bransden, C.J. Joachain _924031 |
||
| 245 | 0 | _aQuantum Mechanics 2nd Edition | |
| 260 |
_aPakistan _bNational Books Fundation |
||
| 300 | _aXiv,803 | ||
| 942 | _cBK | ||
| 999 |
_c531302 _d531302 |
||